000 00459nam a2200205Ia 4500
003 0100
008 130303s9999 xx 000 0 und d
020 _a0813320844
040 _cARRUPELIB
050 _aB317.P68 2000
100 _aBrickhouse, Thomas C
245 4 _aThe philosophy of Socrates
260 _aColombia
260 _bWestview Press
260 _C2000
300 _ax
300 _b 290p. 23cm
650 _aPHILOSOPHY
942 0 0 _06
999 _c10630
_d10630